Welcome to the Holygrace Academy Library

Please use search bar below to get started

PIONEER CHEMISTRY (Record no. 534)

MARC details
000 -LEADER
fixed length control field 00284nam a22001217a 4500
082 ## - DEWEY DECIMAL CLASSIFICATION NUMBER
Classification number 540
Item number VER/C
100 ## - MAIN ENTRY--AUTHOR NAME
Personal name VERMA & VERMA
245 ## - TITLE STATEMENT
Title PIONEER CHEMISTRY
Remainder of title CLASS XI
260 ## - PUBLICATION, DISTRIBUTION, ETC. (IMPRINT)
Place of publication DELHI
Name of publisher DHANPAT RAI & CO
Year of publication 2004
300 ## - PHYSICAL DESCRIPTION
Number of Pages 692
650 ## - SUBJECT ADDED ENTRY--TOPICAL TERM
Topical Term CHEMISTRY FOR CLASS XI
Geographic subdivision INDIA
942 ## - ADDED ENTRY ELEMENTS (KOHA)
Koha item type Books
Holdings
Withdrawn status Lost status Collection code Home library Current library Shelving location Date acquired Source of acquisition Cost, normal purchase price Full call number Accession Number Koha item type
    Reference Main Library Main Library   02/03/2006 purchase 110.00 540 VER/C 02220 Books